[Event "EU-ch 18th"]
[Site "Minsk"]
[Date "2017.06.09"]
[Round "10"]
[White "Matlakov, Maxim"]
[Black "Howell, David"]
[Result "1-0"]
[WhiteElo "2714"]
[BlackElo "2684"]
[Annotator "Krasenkow,M"]
[PlyCount "95"]
[EventDate "2017.05.30"]
[EventType "swiss"]
[EventRounds "11"]
[EventCountry "BLR"]
[SourceTitle "CBM 179"]
[Source "ChessBase"]
[SourceDate "2017.07.12"]
[SourceVersion "1"]
[SourceVersionDate "2017.07.12"]
[SourceQuality "1"]

1. c4 e6 2. Nc3 d5 3. d4 Be7 4. Nf3 Nf6 5. Bg5 h6 6. Bh4 O-O 7. e3 Ne4 8. Bxe7
Qxe7 9. Rc1 c6 10. g4 {This "sudden" kingside attack converts a quiet position
of the Lasker System into a mess.} Nd7 11. h4 {[%mdl 4]} e5 ({Perhaps Black
should consider more closely} 11... Nxc3 12. Rxc3 c5 {- Mamedyarov-Fridman in
CBM 146. Although here, too, Varuzhan Akobian managed to pose problems to
Black:} 13. cxd5 exd5 14. g5 h5 15. Bg2 b6 (15... c4 16. Nd2 Nb6 17. Qxh5 Bf5
18. Qf3 Bd3 19. Bf1 Na4 20. Bxd3 Nxc3 21. Bf5 $44 {1/2 (41) Chirila,I (2521)
-Papp,G (2552) Baia Sprie 2012}) 16. dxc5 Nxc5 17. Nd4 Ne4 18. Bxe4 Qxe4 19. f3
Qe5 20. Kf2 $14 {1-0 (48) Akobian,V (2653)-Fridman,D (2639) Tromsoe 2014}) 12.
cxd5 Nxc3 13. Rxc3 cxd5 {This line has been examined in detail in several CBM
issues, most recently in CBM 144; annotations to Aronian-Harikrishna by GM I.
Stohl, and CBM 160, annotation to Laznicka-Dvirnyy by GM L.Ftacnik.} 14. g5 {
This pawn seriously restricts Black's pieces.} (14. dxe5 Nxe5 15. Nxe5 Qxe5 16.
Be2 Be6 {1/2 (16) Stanciu,A (2288)-Georgescu,T (2391) Brasov 2011}) (14. Bb5 e4
15. Bxd7 Bxd7 16. Ne5 Be6 17. g5 hxg5 18. Qh5 g4 19. Nxg4 Bxg4 20. Qxg4 f5 $13
{1/2 (51) Dimic,P (2201)-Grigorchuk,S (2297) Zaragoza 2013}) 14... e4 (14... h5
15. Bb5 (15. dxe5 Nxe5 16. Be2 $14 Bg4 $6 17. Nxe5 Bxe2 18. Qd4 Rfe8 19. f4 $16
{1-0 (37) Rozum,I (2498)-Baglaev,E (2099) St Petersburg 2012}) 15... exd4 16.
Qxd4 Nb6 (16... Rd8 17. g6 Nf8 18. gxf7+ Qxf7 19. Ng5 Qf6 20. Qxf6 gxf6 21. Nf3
$16 {1-0 (44) Ipatov,A (2614)-Chigladze,I (2365) Yerevan 2014}) (16... Qe4 17.
Qxe4 dxe4 18. Nd2 Ne5 19. Nxe4 Be6 20. f4 $1 Bd5 21. fxe5 Bxe4 22. O-O $14 {
Aronian,L (2805)-Harikrishna,P (2669) Ningbo 2011 CBM 144 [Stohl,I]}) 17. O-O
Bf5 18. Qf4 Be4 (18... Qe4 19. Nd4 Qxf4 20. exf4 Bc8 21. Re1 a6 22. Bd3 $16 {
1-0 (30) Dambacher,M (2490)-Sonntag,H (2364) Germany 2015}) 19. Rc7 Qb4 20. Nd4
Qxb2 21. Rxb7 $14) (14... hxg5 15. hxg5 e4 16. Ne5 g6 17. Ng4 Qxg5 18. f4 {
1-0 (27) Colpe,M (2349)-Grabarczyk,M (2436) Lueneburg 2015} Qd8 19. Qd2 Kg7 20.
Qh2 Rh8 21. Qxh8+ Qxh8 22. Rxh8 Kxh8 23. Rc7 $14) 15. Nd2 (15. Ne5 $6 Nxe5 16.
dxe5 Qxe5 17. Rg1 Kh8 18. Qh5 f6 19. Qe2 Bd7 20. gxh6 gxh6 21. Qc2 Rac8 $17 {
1/2 (47) Chirila,I (2521)-Dimitrov,A (2339) Golden Sands 2012}) 15... hxg5 (
15... g6 16. Qb3 (16. gxh6 Nf6) (16. Rg1 h5 17. Be2 Nb6 18. Nf1 Be6 19. Bxh5
Qb4 20. Bg4 Qxb2 $15 {1-0 (75) Benjamin,J (2534)-Akobian,V (2616) Saint Louis
2013}) 16... Nb6 17. a4 $36) 16. Qh5 $1 (16. hxg5 $143 $2 Qxg5 17. Rh5 Qg1 $1
18. Rh3 (18. Rxd5 Nf6 19. Rd6 Be6 $17 {0-1 (35) Sadzikowski,D (2448)
-Grabarczyk,M (2460) Wroclaw 2013}) 18... Nf6 19. Rg3 Qh1 20. Nb3 b6 21. Kd2
Bg4 $17 {1/2 (59) Wang,H (2718)-Kravtsiv,M (2571) Shenzhen 2011}) 16... g6 (
16... g4 17. Qxd5 $1 (17. Qxg4 Nb6 $5 (17... Rd8 18. Rg1 Qf6 19. Qg3 Nf8 20. f3
exf3 21. Nxf3 Bf5 22. Bh3 Bxh3 23. Qxh3 Qh6 24. Ne5 $14 {1-0 (28) Laznicka,V 
(2681)-Dvirnyy,D (2575) Yerevan 2014 CBM 160 [Ftacnik,L]}) 18. Qg3 Bd7 19. Rg1
f6 20. Nb3 Rfc8 21. a3 Na4 22. Rc7 $11 {L.Ftacnik}) 17... Nf6 (17... Nb6 18.
Qxe4 Qxe4 19. Nxe4 Be6 20. Nc5 Bd5 21. Rg1 $16 {1-0 (38) Kunin,V (2575)-Gstach,
J (2237) Schwarzach 2014}) 18. Qg5 Qb4 19. Rb3 Qd6 20. h5 Nh7 21. Qc5 $14 {
1-0 (33) Li,R (2419)-Rodgaard,J (2354) Istanbul 2012}) 17. Qxg5 Qxg5 18. hxg5
$14 {In the resulting endgame White controls the c- and h-files so Black is
doomed to defence. That means that the whole line is not quite satisfactory
for Black, and he should rather look for other replies to 10.g4.} Rd8 (18...
Nb6 $5 19. b3 Bf5 20. Nb1 Rac8 21. Kd2 f6 22. Rxc8 Bxc8 23. gxf6 Rxf6 24. Rh2
Bd7 25. Nc3 Kg7 26. Be2 a6 27. Bd1 Rf8 28. Ne2 Rh8 29. Rxh8 Kxh8 30. Kc3 $14 {
1-0 (33) Sadzikowski,D (2487)-Dubiel,J (2410) Germany 2014}) 19. f3 exf3 20.
Nxf3 Nf8 21. Bd3 {, and White gradually converted his positional advantage:}
Be6 {Black could probably have defended better, e.g.} (21... Bd7 $5 22. Kd2
Rac8 23. Rhc1 Ne6 {or}) (21... Bg4 22. Ne5 Be6 {[%cal Yf8h7]}) 22. Kd2 Rac8 23.
Rhc1 Nh7 24. a4 Rxc3 25. bxc3 {[%mdl 4096]} Bg4 26. Ne5 Be6 27. Rg1 Kf8 28. e4
$1 b6 29. Ke3 dxe4 30. Bxe4 Bb3 31. Bc6 Bd5 ({It was better to refrain from
the bishop exchange:} 31... Be6 {although after} 32. c4 {White should
gradually crush Black.}) 32. c4 Bxc6 33. Nxc6 Re8+ 34. Kd3 a5 35. d5 {[%csl
Gd5]} Kg7 36. Kd4 Re2 37. Ne5 Rd2+ 38. Kc3 Re2 39. Nd7 {[%csl Rb6]} Re3+ 40.
Kd4 Rb3 41. d6 Rb2 42. Kd5 Rd2+ 43. Kc6 Rd4 44. Nxb6 Nf8 45. c5 Ne6 46. Re1 Kf8
47. Rxe6 fxe6 48. Kd7 1-0

[Event "Amsterdam NH Hotels 3rd"]
[Site "Amsterdam"]
[Date "2008.08.23"]
[Round "4"]
[White "L'Ami, Erwin"]
[Black "Jussupow, Artur"]
[Result "1-0"]
[WhiteElo "2610"]
[BlackElo "2587"]
[Annotator "L'Ami,E"]
[PlyCount "81"]
[EventDate "2008.08.20"]
[EventType "team-schev"]
[EventRounds "10"]
[EventCountry "NED"]
[SourceTitle "CBM 126"]
[Source "ChessBase"]
[SourceDate "2008.10.01"]
[SourceVersion "1"]
[SourceVersionDate "2008.10.01"]
[SourceQuality "1"]

1. d4 Nf6 2. c4 e6 3. Nc3 d5 4. Bg5 Be7 5. e3 O-O 6. Nf3 h6 7. Bh4 Ne4 {
This came as no suprise since the Lasker-defence has been an integral part of
my opponent's opening repertoire troughout his career.} 8. Bxe7 Qxe7 9. Rc1 c6
10. Be2 $5 ({A subtlety pointed out to me by Vladimir Chuchelov in our
preparation for the game. White avoids} 10. Bd3 Nxc3 11. Rxc3 Nd7 12. O-O e5
13. dxe5 dxc4 14. Bxc4 Nxe5 15. Nxe5 Qxe5 {which might be just equal.}) 10...
Nd7 11. O-O Nxc3 12. Rxc3 dxc4 ({Here} 12... e5 $2 13. cxd5 cxd5 14. dxe5 {
just loses a pawn.}) 13. Bxc4 b6 14. Bd3 c5 15. Be4 Rb8 16. Qc2 a5 17. Rd1 Ba6
$5 $146 ({A new move -played after long thought- and an interesting attemp to
solve Black´s problems. The main move is} 17... Bb7 18. Bxb7 Rxb7 19. a3 {
when White retains a small plus.}) 18. Bc6 cxd4 $6 ({I was expecting Black to
defend his c-pawn by tactical means} 18... Rfd8 $1 {when Black should be able
to equalise} 19. Rc1 ({The slow} 19. h3 Rbc8 20. Bxd7 Qxd7 {doesn't give Black
much problems.}) ({And the direct} 19. Bxd7 Qxd7 20. Rc1 (20. Rd2 cxd4 21. Rxd4
Qb5 {is fine for Black.}) 20... Qd5 $5 21. e4 Qd6 22. dxc5 bxc5 {with the idea}
23. Rxc5 Rxb2 $1 {looks OK for Black as well.}) 19... Rbc8 20. Bxd7 Qxd7 21.
dxc5 Rxc5 22. Rxc5 bxc5 23. b3 {and White is a tiny bit better.}) 19. Nxd4 Nc5
20. a3 {Simple and strong, the b4-threat is very hard to counter.} Qf6 $5 21.
Bf3 $1 {Vacating the c6-square for the knight.} ({The point of Black's 20th
move is that} 21. b4 {is answered with} e5 $1 22. Nf5 (22. bxc5 $2 exd4 {
just loses a piece}) 22... axb4 23. axb4 Rfd8 $1 (23... Qxc6 $4 24. Ne7+) 24.
Rxd8+ Rxd8 25. bxc5 Qxf5 $1 26. e4 Qg4 27. Bd5 bxc5 {and a draw is likely.})
21... a4 ({A natural move, preventing b4, but Black had an interesting
alternative in} 21... e5 22. Nc6 Ra8 23. b4 ({the exchange sac} 23. Rxc5 bxc5
24. Qxc5 Rae8 $8 25. Rd6 (25. Bg4 Qg6 $1 {with the idea} 26. Bd7 Bb7 $1 27.
Bxe8 Rxe8 {winning the knight.}) 25... Qf5 26. b4 axb4 27. axb4 Qb1+ 28. Rd1
Qb3 $5 29. Nxe5 Bb7 {is not convincing for White.}) 23... axb4 24. axb4 {
and now either} Bb7 ({or} 24... Bb5 $5 {(which was missed completely by yours
truly during the game )} 25. Qf5 $1 Bxc6 26. Qxf6 gxf6 27. Bxc6 Rac8 28. Bf3 {
with a pleasant edge for White in the ending.}) 25. Nxe5 (25. Qf5 {doesn't
work here} Qxf5 26. Ne7+ Kh7 27. Nxf5 Bxf3 28. gxf3 Na6 {with a draw.}) ({
neither does} 25. bxc5 Bxc6 26. Bxc6 Qxc6 27. cxb6 Qxb6 {with a draw.}) 25...
Qxe5 26. bxc5 Bxf3 27. gxf3 bxc5 28. Rxc5 {and altough this may still be
within drawing range it is of course not pleasant for Black.}) 22. Nc6 Ra8 $6 (
{Tougher is} 22... Rbc8 {altough} 23. Nb4 Bb5 24. Rd6 Rb8 25. Nd5 {is clearly
better for White.}) 23. Rd6 $6 ({Not precise, instead} 23. Rd4 $1 e5 {(Rf4 was
threatening)} 24. Rb4 {simply wins material.}) 23... Bb7 24. Rc4 Rfc8 $2 ({
Overlooking the awkard positioning of the Black queen. Instead} 24... Bxc6 25.
Rxc6 Rab8 26. Rb4 Qd8 {still gives fighting chances.}) 25. Rf4 {Winning the
queen and the game.} Rxc6 (25... Qg5 26. h4 $1 {leaves no safe haven for the
queen.}) 26. Bxc6 Qe7 27. Bxb7 Qxb7 28. Rb4 {Now the b-pawn also falls, the
rest is easy.} Rc8 29. Rbxb6 Qa8 30. h3 Nb7 31. Rdc6 Rd8 32. Rc7 Na5 33. Qxa4
Rd2 34. Rbc6 Kh7 35. Rc5 Qd8 36. Qxa5 Rd1+ 37. Kh2 Qd6+ 38. f4 Qd3 39. Rc1 Rd2
40. Qc3 Qe2 41. Rg1 1-0

[Event "FIDE World Cup"]
[Site "Khanty-Mansiysk"]
[Date "2011.08.30"]
[Round "1.3"]
[White "Ragger, Markus"]
[Black "Alekseev, Evgeny V"]
[Result "1/2-1/2"]
[WhiteElo "2651"]
[BlackElo "2659"]
[Annotator "Marin,M"]
[PlyCount "142"]
[EventDate "2011.08.28"]
[EventType "k.o."]
[EventRounds "7"]
[EventCountry "RUS"]
[SourceTitle "CBM 145"]
[Source "ChessBase"]
[SourceDate "2011.11.11"]
[SourceVersion "1"]
[SourceVersionDate "2011.11.11"]
[SourceQuality "1"]

1. d4 Nf6 2. c4 e6 3. Nf3 d5 4. Nc3 Be7 5. Bg5 h6 6. Bh4 O-O 7. e3 Ne4 8. Bxe7
Qxe7 9. Rc1 c6 10. g4 Rd8 $146 {This looks a bit suspicious. Black not only
neglects the queenside development, but also weakens the kingside defences!}
11. Rg1 c5 12. cxd5 Nxc3 $2 {But this is too much already. After this
premature release of the tension, White's activity becomes overwhelming.} ({
The only way to justify the novelty would have been} 12... exd5 13. dxc5 Be6
14. h4 Nc6) 13. Rxc3 cxd4 14. Nxd4 exd5 15. g5 $1 $40 {The start of a well
calculated attack.} hxg5 16. Qh5 g4 (16... f6 17. Bd3 $18) 17. Rxc8 $1 Rxc8 18.
Qxg4 Qf8 19. Ne6 $1 Rc1+ (19... fxe6 20. Qxe6+ Kh8 21. Rg3 Qb4+ 22. Kd1 Qa4+
23. b3 Rc1+ 24. Kxc1 Qc6+ 25. Qxc6 Nxc6 26. Bg2 $18 {With a similar ending to
that in the game.}) 20. Kd2 fxe6 21. Qxe6+ Qf7 22. Qxf7+ Kxf7 23. Kxc1 $18 {
White has an extra pawn, the better structure and the more active minor piece.
Objectively speaking, there is nothing which should give Black the idea that
he can save the game.} Nd7 24. Bg2 Nf6 25. Kd2 Rh8 26. h3 Ke6 27. Ke2 Rc8 28.
Kd3 Rh8 29. Rc1 Kd6 30. Ke2 Kd7 31. Rd1 Ke6 32. Rd4 Rc8 33. Kd2 b6 34. Ra4 Rc7
35. h4 Ke5 36. f3 Kd6 37. Rd4 Ke5 38. a3 Ke6 39. Bh3+ Ke5 40. Rf4 Kd6 41. b3
Re7 42. Rf5 Nd7 43. Rg5 Nf6 44. Rg6 Rf7 45. Kd3 Ke7 46. Kd4 Kf8 47. e4 dxe4 48.
fxe4 Rc7 49. e5 Ne8 50. Rg3 Rc1 51. b4 Ke7 52. Rd3 Nc7 53. Ke4 Rc4+ 54. Kf3 Ne6
55. Rd6 Nf8 56. Bf5 g6 57. Bxg6 Nxg6 58. Rxg6 Rxh4 59. Rg7+ Ke6 60. Rxa7 Kxe5
61. Ke3 Rh3+ 62. Kd2 Kd5 63. Kc2 b5 64. Rd7+ Kc6 65. Rd3 Rh4 66. Rg3 Kb6 67.
Kb3 Rf4 68. a4 bxa4+ 69. Kxa4 Rf5 70. Rg6+ Kb7 71. Rh6 Rg5 1/2-1/2

[Event "FIDE World Cup"]
[Site "Khanty-Mansiysk"]
[Date "2011.08.28"]
[Round "1.1"]
[White "Ragger, Markus"]
[Black "Alekseev, Evgeny V"]
[Result "1/2-1/2"]
[WhiteElo "2651"]
[BlackElo "2659"]
[Annotator "Marin,M"]
[PlyCount "35"]
[EventDate "2011.08.28"]
[EventType "k.o."]
[EventRounds "7"]
[EventCountry "RUS"]
[SourceTitle "CBM 145"]
[Source "ChessBase"]
[SourceDate "2011.11.11"]
[SourceVersion "1"]
[SourceVersionDate "2011.11.11"]
[SourceQuality "1"]

1. d4 Nf6 2. c4 e6 3. Nf3 d5 4. Nc3 Be7 5. Bg5 O-O 6. e3 h6 7. Bh4 Ne4 8. Bxe7
Qxe7 9. Rc1 c6 10. g4 Nd7 $146 {A logical developing move, which does not take
the steam out of White's early attack, though.} (10... f5 11. gxf5 Qf6 12. Bg2
Qxf5 13. O-O Nxc3 14. Rxc3 Nd7 15. Qc2 Nf6 16. Ne5 $16 {Halkias,S (2578)
-Fridman,D (2645)/Warsaw 2010/CBM 139 Extra (0-1, 46)}) 11. h4 Nd6 $5 ({
The usual plan from the normal Lasker lines does not work out well here:} 11...
Nxc3 12. Rxc3 dxc4 13. Bxc4 e5 14. g5 $40) 12. c5 (12. cxd5 exd5 13. g5 h5 14.
Bd3 (14. g6 $6 fxg6 $1 $17 {[%cal Gd7f6,Gf6e4,Gf8f2]}) 14... g6 $13) (12. g5 $5
) 12... Ne8 13. g5 e5 (13... h5 14. Be2 g6 {[%cal Ge6e5]} 15. e4 $16) 14. gxh6
gxh6 15. Rg1+ Ng7 16. Bh3 f5 17. dxe5 Nxe5 18. Nxe5 {This position looks OK
for Black, but the last sequence certainly offers White possibilities to
improve on it.} (18. Nxe5 Qxe5 19. Qd4 (19. Ne2 {is simplest met with} f4 $1 {
preventing Nf4, rather than grabbing the b2-pawn.}) 19... Qxd4 20. exd4 Kf7 {
[%csl Gd4][%cal Gf5f4,Gg7e6,Gg7f5]} 21. f4 Nh5 $132) 1/2-1/2